| 000 | 00760nam a2200205Ia 4500 | ||
|---|---|---|---|
| 008 | 140609s9999 xx 000 0 und d | ||
| 020 | _a9789715849173 | ||
| 050 |
_aHC 110.E5 _b.Ar781 2010 |
||
| 100 | _aArsenio, Romulo Santiago. | ||
| 245 |
_aEcological crisis, our responsibility : _blet us amend our lives! / _cRomulo Santiago Arsenio, Lourdes Monarca Valencia Arsenio ; Deogracias Suarez IƱiguez Jr., editor |
||
| 260 |
_aQuezon City, Philippines : _bC&E Publishing, Inc., _cc2010. |
||
| 300 |
_a233 p. : _bcol. ill. ; _c22 cm. |
||
| 500 | _aIncludes bibliographical references, appendices, glossary and index. | ||
| 521 | _aGE | ||
| 650 | _aEcology. | ||
| 650 | _aEnvironment. | ||
| 650 | _aHuman ecology. | ||
| 942 |
_kLOC _cBK |
||
| 999 |
_c118073 _d118073 |
||